[Event "NZL-ch op 126th"]
[Site "Auckland"]
[Date "2019.01.14"]
[Round "1"]
[White "Meng, Richard"]
[Black "Smith, Robert Wayne"]
[Result "0-1"]
[WhiteElo "1886"]
[BlackElo "2233"]
[PlyCount "76"]
[EventDate "2019.01.14"]
[EventType "swiss"]
[EventRounds "9"]
[EventCountry "NZL"]
[SourceTitle "CBM 188 Extra"]
[Source "ChessBase"]
[SourceDate "2019.02.26"]
[SourceVersion "1"]
[SourceVersionDate "2019.02.26"]
[SourceQuality "1"]

1. c4 c5 2. Nc3 g6 3. Nf3 Bg7 4. g3 e5 5. Bg2 Ne7 6. 0-0 0-0 7. d3 d6 8. a3 Nbc6 9. Rb1 a5 10. Bd2 h6 11. Nb5 Be6 12. Qc2 Qd7 13. b4 axb4 14. axb4 b6 15. Rb3 cxb4 16. Bxb4 Nxb4 17. Rxb4 d5 18. Nd2 Rac8 19. Rfb1 Nc6 20. Ra4 Na5 21. Na3 dxc4 22. Ndxc4 Nxc4 23. dxc4 Rfd8 24. Nb5 Qd2 25. Qxd2 Rxd2 26. Nc3 Rxc4 27. Rxc4 Bxc4 28. Rxb6 Rc2 29. Nb1 Rc1+ 30. Bf1 Bxe2 31. Nd2 Rd1 32. Rb2 e4 33. Ra2 Bc3 34. Nxe4 Bxf1 35. Nxc3 Rc1 36. Ra8+ Kg7 37. Na2 Ra1 38. Nc3 Ba6+ 0-1

[Event "Auckland North Shore op 45th"]
[Site "Auckland"]
[Date "2018.08.26"]
[Round "5"]
[White "Morris, Byron"]
[Black "Meng, Richard"]
[Result "0-1"]
[WhiteElo "1697"]
[BlackElo "1843"]
[PlyCount "92"]
[EventDate "2018.08.25"]
[EventType "swiss"]
[EventRounds "5"]
[EventCountry "NZL"]
[SourceTitle "EXT 2021"]
[Source "ChessBase"]
[SourceDate "2020.10.23"]
[SourceVersion "1"]
[SourceVersionDate "2020.10.23"]
[SourceQuality "1"]

1. c4 e5 2. Nc3 Nf6 3. d3 d5 4. Bg5 d4 5. Nb1 h6 6. Bh4 Bb4+ 7. Nd2 c5 8. Rb1 Nc6 9. Ngf3 Bg4 10. h3 Bf5 11. g4 Bh7 12. Qa4 Qe7 13. a3 Ba5 14. Kd1 e4 15. Ne1 exd3 16. exd3 Bxd2 17. Kxd2 Ne4+ 18. dxe4 Qxh4 19. Nd3 0-0 20. Re1 Rfe8 21. Bg2 h5 22. Qd1 Ne5 23. Kc1 Nxd3+ 24. Qxd3 Qxf2 25. Bf3 h4 26. Rhf1 Qg3 27. Kb1 Re6 28. Rg1 Qxh3 29. g5 Qh2 30. Rg4 Rb6 31. b3 Qf2 32. Rh1 Kf8 33. Rgxh4 Bg8 34. Be2 a5 35. a4 Re8 36. Rg4 Rb4 37. g6 f6 38. Rg3 Bxc4 39. Rh8+ Ke7 40. Qf3 Rxb3+ 41. Qxb3 Bxb3 42. Rxe8+ Kxe8 43. Bb5+ Ke7 44. Rxb3 Qe1+ 45. Ka2 Qxe4 46. Rb2 d3 0-1

[Event "George Trundle Reserves"]
[Site "Auckland"]
[Date "2018.07.13"]
[Round "7"]
[White "Wang, Aaron Ziwen"]
[Black "Meng, Richard"]
[Result "0-1"]
[WhiteElo "1573"]
[BlackElo "1762"]
[PlyCount "78"]
[EventDate "2018.07.07"]
[EventType "tourn"]
[EventRounds "9"]
[EventCountry "NZL"]
[SourceTitle "EXT 2019"]
[Source "ChessBase"]
[SourceDate "2018.10.10"]
[SourceVersion "1"]
[SourceVersionDate "2018.10.10"]
[SourceQuality "1"]

1. c4 e5 2. Nc3 Nf6 3. Nf3 Nc6 4. g3 d5 5. cxd5 Nxd5 6. Bg2 Nb6 7. 0-0 Be7 8. d3 0-0 9. Be3 Be6 10. d4 Bf6 11. Ne4 Nc4 12. Nxf6+ Qxf6 13. dxe5 N6xe5 14. Nxe5 Nxe3 15. fxe3 Qxe5 16. Qd4 Qb5 17. Qd2 Rad8 18. Qc2 c6 19. b3 Bg4 20. Bf3 Bh3 21. Rfd1 Qb6 22. Kf2 Rde8 23. Qc3 Re6 24. g4 Qc7 25. Kg1 Rh6 26. g5 Rg6 27. Rd5 Qe7 28. Qe5 Be6 29. Qd6 Qf6 30. Qe5 cxd5 31. Qxf6 gxf6 32. Kf2 fxg5 33. Rd1 Rd8 34. e4 d4 35. Rd3 g4 36. Bg2 h5 37. e3 dxe3+ 38. Rxe3 Rd2+ 39. Kg3 h4+ 0-1

[Event "George Trundle Reserves"]
[Site "Auckland"]
[Date "2018.07.10"]
[Round "4"]
[White "Yan, Caroline"]
[Black "Meng, Richard"]
[Result "1/2-1/2"]
[WhiteElo "1817"]
[BlackElo "1762"]
[PlyCount "83"]
[EventDate "2018.07.07"]
[EventType "tourn"]
[EventRounds "9"]
[EventCountry "NZL"]
[SourceTitle "EXT 2019"]
[Source "ChessBase"]
[SourceDate "2018.10.10"]
[SourceVersion "1"]
[SourceVersionDate "2018.10.10"]
[SourceQuality "1"]

1. d4 Nf6 2. Nf3 e6 3. Bf4 b6 4. e3 Bb7 5. Nbd2 Be7 6. Be2 0-0 7. c3 d6 8. h3 c5 9. 0-0 Nbd7 10. Rc1 a6 11. Bh2 Ne4 12. Nxe4 Bxe4 13. Nd2 Bc6 14. Bf3 Qc7 15. Bxc6 Qxc6 16. Qf3 Rac8 17. Qxc6 Rxc6 18. Rfd1 d5 19. Nf3 Rfc8 20. Ne5 Nxe5 21. Bxe5 f6 22. Bh2 b5 23. Rd3 cxd4 24. exd4 b4 25. Bf4 bxc3 26. Rdxc3 Rxc3 27. Rxc3 Rxc3 28. bxc3 Kf7 29. Kf1 Ke8 30. Ke2 Kd7 31. Kd3 Kc6 32. c4 Ba3 33. Kc3 a5 34. g4 Bb4+ 35. Kd3 Be1 36. f3 Bb4 37. Bg3 g6 38. h4 h5 39. a4 Be7 40. Kc3 Bb4+ 41. Kd3 Be7 42. Kc3 1/2-1/2

[Event "George Trundle Reserves"]
[Site "Auckland"]
[Date "2017.10.03"]
[Round "4"]
[White "Wang, Aaron Ziwen"]
[Black "Meng, Richard"]
[Result "0-1"]
[WhiteElo "1530"]
[BlackElo "1646"]
[PlyCount "100"]
[EventDate "2017.09.30"]
[EventType "tourn"]
[EventRounds "9"]
[EventCountry "NZL"]
[SourceTitle "CBM 181 Extra"]
[Source "ChessBase"]
[SourceDate "2017.12.12"]
[SourceVersion "1"]
[SourceVersionDate "2017.12.12"]
[SourceQuality "1"]

1. c4 e5 2. Nc3 Nf6 3. Nf3 Nc6 4. g3 d5 5. cxd5 Nxd5 6. Bg2 Nb6 7. d3 Be7 8. 0-0 0-0 9. b3 Re8 10. Bb2 Bf8 11. Rc1 Nd4 12. e3 Nxf3+ 13. Bxf3 c6 14. Ne2 Bh3 15. Bg2 Qd7 16. Re1 Bxg2 17. Kxg2 Bb4 18. Nc3 Rad8 19. d4 exd4 20. exd4 Rxe1 21. Qxe1 Qxd4 22. Rd1 Qxd1 23. Qxd1 Rxd1 24. Nxd1 Nd5 25. a3 Bd2 26. Bd4 a6 27. Ne3 Nxe3+ 28. fxe3 f6 29. Kf3 Kf7 30. Bb2 Ba5 31. Bd4 Ke6 32. b4 Bc7 33. e4 Be5 34. Bc5 b5 35. Be3 Bb2 36. Bd2 Bxa3 37. Ke3 c5 38. bxc5 Bxc5+ 39. Kd3 f5 40. exf5+ Kxf5 41. h3 h5 42. Be1 Bb6 43. Bc3 g6 44. Be1 a5 45. Kc3 Ke4 46. Kb3 Kf3 47. Ka3 b4+ 48. Kb3 Ke2 49. Bxb4 axb4 50. Kxb4 Kf3 0-1

[Event "George Trundle Reserves"]
[Site "Auckland"]
[Date "2017.09.30"]
[Round "1"]
[White "Peak, Stephen"]
[Black "Meng, Richard"]
[Result "0-1"]
[WhiteElo "1670"]
[BlackElo "1646"]
[PlyCount "54"]
[EventDate "2017.09.30"]
[EventType "tourn"]
[EventRounds "9"]
[EventCountry "NZL"]
[SourceTitle "CBM 181 Extra"]
[Source "ChessBase"]
[SourceDate "2017.12.12"]
[SourceVersion "1"]
[SourceVersionDate "2017.12.12"]
[SourceQuality "1"]

1. e4 c5 2. Nc3 a6 3. a4 Nc6 4. f4 d6 5. Nf3 Nf6 6. Bc4 e6 7. 0-0 Nxe4 8. Nxe4 d5 9. Nc3 dxc4 10. Qe2 Nd4 11. Qxc4 Nxc2 12. Rb1 Nd4 13. Kh1 b6 14. Ng5 Be7 15. Nge4 Bb7 16. d3 Bd5 17. Nxd5 exd5 18. Qc3 dxe4 19. dxe4 0-0 20. Be3 Qd7 21. Rbd1 Rfd8 22. b3 Rac8 23. f5 Qb7 24. Rf4 Ne2 25. Rxd8+ Rxd8 26. Qc2 Nxf4 27. Bxf4 Qd7 0-1

[Event "NZL-ch Major op"]
[Site "Devonport"]
[Date "2016.01.03"]
[Round "2"]
[White "Goh, Julien"]
[Black "Meng, Richard"]
[Result "0-1"]
[WhiteElo "1170"]
[BlackElo "1525"]
[PlyCount "96"]
[EventDate "2016.01.02"]
[EventType "swiss"]
[EventRounds "9"]
[EventCountry "NZL"]
[SourceTitle "EXT 2018"]
[Source "ChessBase"]
[SourceDate "2017.10.13"]
[SourceVersion "1"]
[SourceVersionDate "2017.10.13"]
[SourceQuality "1"]

1. e4 c5 2. Nf3 e6 3. d3 Nc6 4. Nbd2 g6 5. g3 Bg7 6. Bg2 Nge7 7. 0-0 0-0 8. Re1 Qc7 9. Qe2 Nb4 10. c3 Nc2 11. Nf1 Nxe1 12. Qxe1 b6 13. h4 Ba6 14. d4 d5 15. e5 Bxf1 16. Qxf1 c4 17. Be3 Nf5 18. Bc1 a5 19. Bf4 b5 20. a3 Rfb8 21. Qd1 Bf8 22. Bd2 Ra7 23. b4 axb4 24. axb4 Rba8 25. Rxa7 Qxa7 26. Kh2 Bh6 27. Bxh6 Nxh6 28. Ng5 Qa4 29. Qf3 Ra7 30. Bh3 Qc2 31. Kg2 Nf5 32. Bxf5 Qxf5 33. Qxf5 gxf5 34. Kf3 Ra3 35. Ke2 Rxc3 36. Kd2 Rd3+ 37. Kc2 Rxd4 38. Nf3 Rd3 39. Ne1 Rb3 40. Kd2 Rxb4 41. Kc3 Rb1 42. Nf3 Rb3+ 43. Kd4 Rxf3 44. Kc5 c3 45. Kxb5 c2 46. Ka6 Rb3 47. Ka5 c1Q 48. Ka4 Qa3# 0-1

[Event "NZL-ch op 122nd"]
[Site "Auckland"]
[Date "2015.01.01"]
[Round "1"]
[White "Li, William Xiang Wei"]
[Black "Meng, Richard"]
[Result "1-0"]
[WhiteElo "1935"]
[BlackElo "1106"]
[PlyCount "109"]
[EventDate "2015.01.01"]
[EventType "swiss"]
[EventRounds "9"]
[EventCountry "NZL"]
[SourceTitle "CBM 164 Extra"]
[Source "ChessBase"]
[SourceDate "2015.03.02"]
[SourceVersion "1"]
[SourceVersionDate "2015.03.02"]
[SourceQuality "1"]

1. e4 e5 2. Nf3 Nc6 3. Bb5 a6 4. Ba4 Nf6 5. d3 Bc5 6. 0-0 h6 7. Bxc6 dxc6 8. Nxe5 0-0 9. Nf3 Bg4 10. h3 Bh5 11. Bf4 Re8 12. Nbd2 Bxf3 13. Nxf3 Qe7 14. Re1 Rad8 15. Qe2 Qf8 16. Bxc7 Rd7 17. Be5 Re6 18. d4 Bxd4 19. Bxd4 Rxe4 20. Qc4 Rf4 21. Qc5 Qd8 22. Bxf6 Rxf6 23. Qe3 Re6 24. Qc3 Rf6 25. Re2 Rd1+ 26. Rxd1 Qxd1+ 27. Qe1 Qd7 28. Re7 Qd5 29. Qe4 Qxe4 30. Rxe4 Rd6 31. Re7 b5 32. Ra7 c5 33. Ra8+ Kh7 34. Kf1 c4 35. Ke2 b4 36. Rc8 c3 37. bxc3 bxc3 38. Rxc3 f6 39. Rd3 Rb6 40. c4 Kg6 41. c5 Rc6 42. Rc3 Kf7 43. Nd4 Rc7 44. Kd3 Ke8 45. Kc4 Kd7 46. c6+ Kd6 47. Re3 Rf7 48. Re6+ Kc7 49. Kc5 f5 50. Rd6 a5 51. Ne6+ Kb8 52. Rd8+ Ka7 53. Rd7+ Rxd7 54. cxd7 Kb7 55. d8Q 1-0